000 01218nam a22002777a 4500
003 OSt
005 20221109113859.0
007 c| ||||||a|c|a
008 221107s2021 mx a|||fom||| 001 0 spa d
040 _erda
100 1 _9185593
_aCuevas Peña, Gerardo de las
245 1 _aPropuesta para el desarrollo estratégico de una empresa familiar en Hueytamalco, Puebla /
_cpor Gerardo de las Cuevas Peña; director de tesis Jorge Gustavo Ocampo Ledesma.
264 1 _aChapingo, México :
_bEl autor,
_c2021.
300 _a1 recurso en línea (105 páginas).
_bcuadros, figuras.
336 _2rdacontent
_atexto
_btxt
337 _2rdamedia
_acomputadora
_bc
338 _2rdacarrier
_arecurso en línea
_bcr
502 _bMCEA
_cCIESTAAM
_d2021.
_gMAE
504 _aIncluye referencias bibliográficas: páginas 89-92.
650 4 _9132531
_aEmpresas familiares
_xAspectos económicos
650 4 _936659
_aEmpresas pequeñas
_xFinanciamiento
650 4 _9129872
_aNegocios
_xAdministración
700 1 _982604
_aOcampo Ledesma, Jorge Gustavo
_eDirector de tesis.
856 _uhttp://10.13.5.2/tesis/tm/2021_CI_DelasCuevas_Pena_Gerardo.pdf
_zDESCARGAR PDF
942 _2Clasificación Universidad Autónoma Chapingo
_cTD
999 _c217713
_d217713